[Event "Astana WGP 2022"]
[Site "Astana KAZ"]
[Date "2022.09.26"]
[Round "8.5"]
[White "Kashlinskaya, Alina"]
[Black "Wagner, Dinara"]
[Result "0-1"]
[WhiteTitle "IM"]
[BlackTitle "WGM"]
[WhiteElo "2491"]
[BlackElo "2358"]
[WhiteFideId "4198026"]
[BlackFideId "24157570"]
[EventDate "2022.09.18"]

1. d4 Nf6 2. c4 e6 3. Nc3 Bb4 4. e3 O-O 5. Bd3 c5 6. Ne2 cxd4 7. exd4 d5 8. cxd5
Nxd5 9. a3 Bd6 10. Bc2 Nc6 11. Qd3 g6 12. Ne4 e5 13. Nxd6 Qxd6 14. Qg3 Qc7 15.
dxe5 Re8 16. O-O Qxe5 17. Qxe5 Rxe5 18. Ng3 Nd4 19. Ba4 b5 20. Bd1 Bb7 21. b4
Rd8 22. Bd2 f5 23. Re1 Rxe1+ 24. Bxe1 Re8 25. Kf1 f4 26. Ne2 f3 27. gxf3 Nxf3
28. Bb3 Kf8 29. h3 Bc8 30. Ng1 Rxe1+ 31. Rxe1 Nd2+ 32. Kg2 Nxb3 33. Nf3 Bb7 34.
Kg3 Nf6 35. Re3 Bd5 36. Kf4 Bc4 37. Kg5 Nd5 38. Re6 Nxb4 39. Rd6 Ke7 40. Rd1 Nc2
41. Kh6 Nxa3 42. Kxh7 Nc5 43. Kxg6 Bf7+ 44. Kg7 Ne6+ 45. Kh6 b4 46. Nd2 a5 47.
Re1 Nc2 48. Re5 a4 49. Ra5 a3 50. Ra7+ Kf6 51. Ra5 Bg6 52. h4 Ncd4 0-1

[Event "Astana WGP 2022"]
[Site "Astana KAZ"]
[Date "2022.09.26"]
[Round "8.6"]
[White "Assaubayeva, Bibisara"]
[Black "Tan, Zhongyi"]
[Result "0-1"]
[WhiteTitle "IM"]
[BlackTitle "GM"]
[WhiteElo "2443"]
[BlackElo "2525"]
[WhiteFideId "13708694"]
[BlackFideId "8603642"]
[EventDate "2022.09.18"]

1. d4 Nf6 2. c4 e6 3. Nc3 d5 4. cxd5 exd5 5. Bg5 c6 6. e3 Bf5 7. Qf3 Bg6 8. Bxf6
Qxf6 9. Qxf6 gxf6 10. Nf3 Nd7 11. Nh4 Be7 12. Ne2 f5 13. g3 Bxh4 14. gxh4 Nf6
15. Rg1 Ke7 16. Bh3 Rhg8 17. Nf4 Nh5 18. Nxh5 Bxh5 19. Rg3 Kf6 20. Kd2 Rg6 21.
Rag1 Rh6 22. Rg8 Rxg8 23. Rxg8 Bf3 24. Bf1 Rxh4 25. h3 Re4 26. Ra8 a6 27. Ra7
Re7 28. Kc3 h5 29. Kb4 h4 30. a4 f4 31. a5 Bh1 32. Kc5 f3 33. Ra8 Kg7 34. Bd3
Bg2 35. Bf5 Rxe3 36. fxe3 f2 37. Bd3 Bxh3 38. Re8 Bf5 39. e4 dxe4 0-1

[Event "Astana WGP 2022"]
[Site "Astana KAZ"]
[Date "2022.09.27"]
[Round "9.1"]
[White "Tan, Zhongyi"]
[Black "Shuvalova, Polina"]
[Result "0-1"]
[WhiteTitle "GM"]
[BlackTitle "IM"]
[WhiteElo "2525"]
[BlackElo "2510"]
[WhiteFideId "8603642"]
[BlackFideId "24171760"]
[EventDate "2022.09.18"]

1. d4 Nf6 2. c4 e6 3. Nc3 Bb4 4. Nf3 O-O 5. e3 d5 6. Bd2 Nbd7 7. cxd5 exd5 8.
Bd3 c6 9. Qc2 Re8 10. O-O Bd6 11. Rfe1 Nf8 12. e4 dxe4 13. Nxe4 Nxe4 14. Bxe4 h6
15. Ne5 Be6 16. Rad1 Qh4 17. Bc3 Rad8 18. g3 Qh5 19. Bf3 Qh3 20. Qe2 a6 21. b3
Bc7 22. Bg2 Qf5 23. Be4 Qh3 24. Bg2 Qf5 25. Nc4 Qb5 26. Qb2 Bg4 27. Rc1 Rxe1+
28. Rxe1 Qg5 29. h4 Qh5 30. Re7 Ne6 31. Nd2 Qb5 32. Ne4 b6 33. a4 Qd3 34. a5 Bf3
35. Bxf3 Qxf3 36. Qc2 bxa5 37. Nc5 Nxc5 38. Rxc7 Ne4 39. Be1 Rxd4 40. Re7 f5 41.
Kh2 c5 42. Qb2 Kh7 43. Rf7 Kg6 44. Rf8 Rd2 45. Qe5 Rxf2+ 46. Bxf2 Qxf2+ 47. Kh3
Qf1+ 48. Kh2 Qe2+ 0-1

[Event "Astana WGP 2022"]
[Site "Astana KAZ"]
[Date "2022.09.27"]
[Round "9.2"]
[White "Wagner, Dinara"]
[Black "Assaubayeva, Bibisara"]
[Result "1/2-1/2"]
[WhiteTitle "WGM"]
[BlackTitle "IM"]
[WhiteElo "2358"]
[BlackElo "2443"]
[WhiteFideId "24157570"]
[BlackFideId "13708694"]
[EventDate "2022.09.18"]

1. d4 d5 2. c4 c6 3. Nf3 Nf6 4. e3 Bf5 5. Nc3 e6 6. Nh4 Bg6 7. Bd2 Nbd7 8. Qb3
Qc7 9. Nxg6 hxg6 10. O-O-O a5 11. cxd5 exd5 12. Qc2 Bb4 13. h4 a4 14. f3 a3 15.
b3 O-O-O 16. Kb1 Kb8 17. Bd3 Qa5 18. e4 dxe4 19. fxe4 Ka8 20. e5 Ng4 21. Ne4 Nb6
22. Nd6 Rd7 23. Be4 Bxd2 24. Qxd2 Qxd2 25. Rxd2 f6 26. Bxg6 fxe5 27. dxe5 Nxe5
28. Bf5 Rdd8 29. Re1 Nd5 30. Ne4 Rxh4 31. Kc1 Re8 32. Nc5 g6 33. Bxg6 Re7 34.
Bf5 b6 35. Ne6 Nf7 36. g3 Rh6 37. Rde2 Nd6 38. g4 Rh4 39. Rc2 Nb4 40. Rd2 Nxf5
41. gxf5 Rf4 42. Rd8+ Ka7 43. Nxf4 Rxe1+ 44. Kd2 Re5 45. Nd3 Nxd3 46. Kxd3 Rxf5
47. Rd4 b5 48. b4 Rf2 49. Kc3 Rxa2 50. Kb3 Ra1 51. Rh4 Kb6 52. Rg4 Rc1 53. Kxa3
Rc3+ 54. Kb2 Rc4 55. Rxc4 bxc4 56. Kc2 c5 57. bxc5+ Kxc5 58. Kc3 1/2-1/2

[Event "Astana WGP 2022"]
[Site "Astana KAZ"]
[Date "2022.09.27"]
[Round "9.3"]
[White "Paehtz, Elisabeth"]
[Black "Kashlinskaya, Alina"]
[Result "1/2-1/2"]
[WhiteTitle "IM"]
[BlackTitle "IM"]
[WhiteElo "2477"]
[BlackElo "2491"]
[WhiteFideId "4641833"]
[BlackFideId "4198026"]
[EventDate "2022.09.18"]

1. d4 Nf6 2. c4 e6 3. Nc3 Bb4 4. e3 O-O 5. Bd3 d5 6. Ne2 dxc4 7. Bxc4 Nbd7 8.
O-O e5 9. Bxf7+ Rxf7 10. dxe5 Qe7 11. exf6 Nxf6 12. Nf4 c6 13. f3 Bc5 14. Kh1 b6
15. Re1 Bd6 16. e4 Nd7 17. Nd3 Ba6 18. e5 Bxd3 19. exd6 Qxd6 20. b3 Nf6 21. Ba3
Qd7 22. Qd2 Rd8 23. Rad1 c5 24. Bb2 Re7 25. Rxe7 Qxe7 26. Na4 Ne8 27. Re1 Bg6
28. Qf2 Qf7 29. Nc3 Nf6 30. Kg1 Qd7 31. h3 Qd2 32. Rd1 Qxf2+ 33. Kxf2 Rxd1 34.
Nxd1 Nd5 35. Nc3 Nxc3 1/2-1/2

[Event "Astana WGP 2022"]
[Site "Astana KAZ"]
[Date "2022.09.27"]
[Round "9.4"]
[White "Zhu, Jiner"]
[Black "Lagno, Kateryna"]
[Result "0-1"]
[WhiteTitle "WGM"]
[BlackTitle "GM"]
[WhiteElo "2464"]
[BlackElo "2547"]
[WhiteFideId "8608059"]
[BlackFideId "14109336"]
[EventDate "2022.09.18"]

1. e4 c5 2. Nf3 e6 3. d4 cxd4 4. Nxd4 Nc6 5. Nc3 Nf6 6. Nxc6 bxc6 7. e5 Nd5 8.
Ne4 Bb7 9. c4 Nb4 10. c5 Qb8 11. f4 Ba6 12. Be2 Bxe2 13. Qxe2 Nd5 14. O-O Qb4
15. Kh1 Bxc5 16. Bd2 Qd4 17. Rad1 Be7 18. Bc3 Qe3 19. Qc2 Qb6 20. Bd4 c5 21.
Nxc5 Rc8 22. Rc1 O-O 23. Qf2 Qb5 24. b3 Rc6 25. Rc4 Bxc5 26. Bxc5 Rfc8 27. f5 f6
28. exf6 Nxf6 29. fxe6 Rxc5 30. a4 Qb6 31. a5 Qb5 32. exd7 Rxc4 0-1

[Event "Astana WGP 2022"]
[Site "Astana KAZ"]
[Date "2022.09.27"]
[Round "9.6"]
[White "Kosteniuk, Alexandra"]
[Black "Vaishali, R"]
[Result "1-0"]
[WhiteTitle "GM"]
[BlackTitle "IM"]
[WhiteElo "2521"]
[BlackElo "2449"]
[WhiteFideId "4128125"]
[BlackFideId "5091756"]
[EventDate "2022.09.18"]

1. e4 c5 2. Nf3 Nc6 3. Bb5 e6 4. O-O Nge7 5. Re1 a6 6. Bf1 d5 7. exd5 Nxd5 8. d4
Nf6 9. Be3 cxd4 10. Nxd4 Bd7 11. Nb3 Qc7 12. N1d2 Nd5 13. Bc5 Be7 14. Ne4 O-O
15. c4 Nf4 16. g3 Ng6 17. Qh5 b6 18. Bxe7 Ncxe7 19. c5 Bc6 20. Rac1 Bd5 21. Nbd2
bxc5 22. Nxc5 Qa5 23. Qe2 Nf5 24. Ndb3 Qb4 25. Rc3 Rfd8 26. Nxa6 Qa4 27. Nc7
Rab8 28. Nxd5 exd5 29. Qc2 d4 30. Rc7 Nd6 31. Qc5 Qxa2 32. Nxd4 Nb7 33. Qc3 Qa5
34. b4 Qb6 35. Nf5 Qf6 36. Nh6+ 1-0

[Event "Astana WGP 2022"]
[Site "Astana KAZ"]
[Date "2022.09.28"]
[Round "10.1"]
[White "Shuvalova, Polina"]
[Black "Vaishali, R"]
[Result "1/2-1/2"]
[WhiteTitle "IM"]
[BlackTitle "IM"]
[WhiteElo "2510"]
[BlackElo "2449"]
[WhiteFideId "24171760"]
[BlackFideId "5091756"]
[EventDate "2022.09.18"]

1. e4 c5 2. Nf3 Nc6 3. d4 cxd4 4. Nxd4 Nf6 5. Nc3 e5 6. Nde2 Bc5 7. Ng3 O-O 8.
Bc4 d6 9. O-O Ng4 10. h3 Qh4 11. Qf3 Nd4 12. Qd3 Be6 13. hxg4 Bxc4 14. Qxc4 Nf3+
15. gxf3 Qxg3+ 16. Kh1 Qh3+ 17. Kg1 Qg3+ 18. Kh1 Qh3+ 19. Kg1 Qg3+ 20. Kh1 1/2-1/2

[Event "Astana WGP 2022"]
[Site "Astana KAZ"]
[Date "2022.09.28"]
[Round "10.2"]
[White "Goryachkina, Aleksandra"]
[Black "Kosteniuk, Alexandra"]
[Result "1/2-1/2"]
[WhiteTitle "GM"]
[BlackTitle "GM"]
[WhiteElo "2579"]
[BlackElo "2521"]
[WhiteFideId "4147103"]
[BlackFideId "4128125"]
[EventDate "2022.09.18"]

1. d4 d5 2. c4 c6 3. Nf3 Nf6 4. Nc3 dxc4 5. a4 Bf5 6. e3 e6 7. Bxc4 Bb4 8. O-O
Nbd7 9. Qe2 O-O 10. e4 Bg6 11. Bd3 h6 12. e5 Nd5 13. Nxd5 cxd5 14. Bf4 Rc8 15.
Rfc1 Bxd3 16. Qxd3 Qe7 17. h4 Nb6 18. b3 Ba3 19. Rxc8 Rxc8 20. h5 Bb2 21. Rb1
Qa3 22. Qe2 Bc1 23. Rxc1 Rxc1+ 24. Bxc1 Qxc1+ 25. Qe1 Qc2 26. Qb4 Qc1+ 27. Kh2
Qf4+ 28. Kg1 Qc1+ 29. Kh2 Qf4+ 30. Kg1 Qc1+ 1/2-1/2

[Event "Astana WGP 2022"]
[Site "Astana KAZ"]
[Date "2022.09.28"]
[Round "10.4"]
[White "Kashlinskaya, Alina"]
[Black "Zhu, Jiner"]
[Result "0-1"]
[WhiteTitle "IM"]
[BlackTitle "WGM"]
[WhiteElo "2491"]
[BlackElo "2464"]
[WhiteFideId "4198026"]
[BlackFideId "8608059"]
[EventDate "2022.09.18"]

1. d4 Nf6 2. c4 e6 3. Nc3 d5 4. Bg5 dxc4 5. e3 c5 6. Bxc4 cxd4 7. exd4 Be7 8.
Nf3 Nc6 9. O-O O-O 10. a3 b6 11. Qd3 Bb7 12. Rad1 h6 13. Bc1 Qd6 14. Rfe1 Rad8
15. Ba2 Rfe8 16. Bxh6 gxh6 17. Rxe6 Qf4 18. g3 Nb4 19. gxf4 Nxd3 20. Rxf6 Bxf6
21. Rxd3 Rxd4 22. Re3 Rxe3 23. fxe3 Rd3 24. Kf2 Bxc3 0-1

[Event "Astana WGP 2022"]
[Site "Astana KAZ"]
[Date "2022.09.28"]
[Round "10.5"]
[White "Assaubayeva, Bibisara"]
[Black "Paehtz, Elisabeth"]
[Result "0-1"]
[WhiteTitle "IM"]
[BlackTitle "IM"]
[WhiteElo "2443"]
[BlackElo "2477"]
[WhiteFideId "13708694"]
[BlackFideId "4641833"]
[EventDate "2022.09.18"]

1. d4 Nf6 2. c4 e6 3. Nf3 Bb4+ 4. Bd2 a5 5. a3 Bxd2+ 6. Qxd2 b6 7. Nc3 Bb7 8. e3
O-O 9. Qc2 d5 10. cxd5 exd5 11. Be2 Qe7 12. O-O Nbd7 13. Rfd1 g6 14. Rac1 Rac8
15. Qb3 Qe6 16. Ng5 Qe7 17. Nh3 c6 18. Nf4 Rb8 19. g3 Rfe8 20. Bf3 Qd6 21. Qc2
Rbc8 22. Qb1 Nf8 23. b4 axb4 24. axb4 Ne6 25. Nxe6 Qxe6 26. Qb2 b5 27. Ra1 Re7
28. Ra7 Rce8 29. Bg2 h5 30. Qb3 Bc8 31. Rxe7 Qxe7 32. h3 Bf5 33. Ne2 Qd7 34. Kh2
Ne4 35. f3 Nd6 36. Nf4 Nc4 37. Re1 h4 38. gxh4 Qe7 39. e4 Qxh4 40. Nd3 dxe4 41.
fxe4 Rxe4 42. Rxe4 Bxe4 43. Bxe4 Qxe4 0-1

[Event "Astana WGP 2022"]
[Site "Astana KAZ"]
[Date "2022.09.28"]
[Round "10.6"]
[White "Tan, Zhongyi"]
[Black "Wagner, Dinara"]
[Result "1-0"]
[WhiteTitle "GM"]
[BlackTitle "WGM"]
[WhiteElo "2525"]
[BlackElo "2358"]
[WhiteFideId "8603642"]
[BlackFideId "24157570"]
[EventDate "2022.09.18"]

1. Nf3 d5 2. g3 c6 3. Bg2 Nf6 4. O-O Bg4 5. c4 e6 6. cxd5 Bxf3 7. Bxf3 cxd5 8.
d4 Nc6 9. Nc3 Be7 10. b3 O-O 11. Bb2 Rc8 12. e3 Bb4 13. Rc1 Bxc3 14. Rxc3 Qd7
15. Ba3 Ne7 16. Qd3 Rxc3 17. Qxc3 Rc8 18. Qd3 Nf5 19. Rc1 Rxc1+ 20. Bxc1 Qc6 21.
Bb2 h6 22. a4 a6 23. Be2 Ne7 24. f3 h5 25. Qc3 Qxc3 26. Bxc3 Nc6 27. b4 Nd7 28.
b5 axb5 29. Bxb5 Ndb8 30. Kf2 g5 31. h4 gxh4 32. gxh4 Kg7 33. e4 Ne7 34. Bb4
Nec6 35. Bd6 Na6 36. Ke3 Nab4 37. Kd2 Na6 38. Kc3 Kg6 39. Bd3 Kf6 40. f4 Nab8
41. e5+ Kg7 42. f5 Nd7 43. f6+ Kh6 44. Ba3 Na5 45. Bc1# 1-0

[Event "Astana WGP 2022"]
[Site "Astana KAZ"]
[Date "2022.09.29"]
[Round "11.1"]
[White "Wagner, Dinara"]
[Black "Shuvalova, Polina"]
[Result "1-0"]
[WhiteTitle "WGM"]
[BlackTitle "IM"]
[WhiteElo "2358"]
[BlackElo "2510"]
[WhiteFideId "24157570"]
[BlackFideId "24171760"]
[EventDate "2022.09.18"]

1. d4 Nf6 2. c4 e6 3. Nc3 Bb4 4. e3 O-O 5. Bd3 d5 6. a3 Bxc3+ 7. bxc3 dxc4 8.
Bxc4 c5 9. Bd3 Qc7 10. Bb2 b6 11. Ne2 Ba6 12. O-O Bxd3 13. Qxd3 c4 14. Qc2 e5
15. e4 Re8 16. Ng3 Nc6 17. Rad1 Rad8 18. d5 Na5 19. Bc1 Nd7 20. Nf5 Nb3 21. Be3
Nbc5 22. Qe2 Nd3 23. Qg4 g6 24. f4 Kf8 25. fxe5 Qxe5 26. Qg5 gxf5 27. Bd4 f4 28.
Bxe5 N7xe5 29. Rxf4 Nxf4 30. Qxf4 Rd6 31. Rf1 Kg7 32. Qf5 b5 33. Rf4 a5 34. Rh4
Ng6 35. Rxh7+ 1-0

[Event "Astana WGP 2022"]
[Site "Astana KAZ"]
[Date "2022.09.29"]
[Round "11.2"]
[White "Paehtz, Elisabeth"]
[Black "Tan, Zhongyi"]
[Result "1/2-1/2"]
[WhiteTitle "IM"]
[BlackTitle "GM"]
[WhiteElo "2477"]
[BlackElo "2525"]
[WhiteFideId "4641833"]
[BlackFideId "8603642"]
[EventDate "2022.09.18"]

1. e4 c5 2. c3 Nf6 3. e5 Nd5 4. Nf3 d6 5. d4 cxd4 6. cxd4 dxe5 7. dxe5 Nc6 8.
Bc4 Nb6 9. Qxd8+ Nxd8 10. Bb3 Bg4 11. Nd4 Nc6 12. Nxc6 bxc6 13. Na3 e6 14. Nc4
O-O-O 15. f3 Bf5 16. Be3 Nxc4 17. Bxc4 Bd3 18. Bb3 Kb7 19. Kf2 Bb4 20. Rhd1 Ba5
21. Rac1 Bb6 22. Rd2 Ba5 23. Rdd1 Bb6 24. Rd2 Ba5 25. Rdd1 1/2-1/2

[Event "Astana WGP 2022"]
[Site "Astana KAZ"]
[Date "2022.09.29"]
[Round "11.3"]
[White "Zhu, Jiner"]
[Black "Assaubayeva, Bibisara"]
[Result "1/2-1/2"]
[WhiteTitle "WGM"]
[BlackTitle "IM"]
[WhiteElo "2464"]
[BlackElo "2443"]
[WhiteFideId "8608059"]
[BlackFideId "13708694"]
[EventDate "2022.09.18"]

1. e4 c5 2. Nf3 d6 3. c3 Nf6 4. h3 Bd7 5. Bd3 g6 6. O-O Bg7 7. Bc2 O-O 8. d4 Nc6
9. dxc5 dxc5 10. e5 Ne8 11. Bf4 Be6 12. Nbd2 Qb6 13. Qc1 Nc7 14. Ne4 Bd5 15. b3
Rfd8 16. c4 Bxe4 17. Bxe4 Ne6 18. Bg3 Ned4 19. Qe3 Rd7 20. Rad1 Rad8 21. Bxc6
Qxc6 22. Nxd4 Rxd4 23. Rxd4 Rxd4 24. Re1 e6 25. Re2 h5 26. Rd2 Qd7 27. Rxd4 cxd4
28. Qd3 Qd8 29. f4 Bf8 30. Bf2 Bc5 1/2-1/2

[Event "Astana WGP 2022"]
[Site "Astana KAZ"]
[Date "2022.09.29"]
[Round "11.4"]
[White "Abdumalik, Zhansaya"]
[Black "Kashlinskaya, Alina"]
[Result "1-0"]
[WhiteTitle "GM"]
[BlackTitle "IM"]
[WhiteElo "2503"]
[BlackElo "2491"]
[WhiteFideId "13703544"]
[BlackFideId "4198026"]
[EventDate "2022.09.18"]

1. e4 e6 2. d4 d5 3. Nc3 Nf6 4. e5 Nfd7 5. f4 c5 6. Nf3 Nc6 7. Be3 cxd4 8. Nxd4
Qb6 9. Qd2 Qxb2 10. Rb1 Qa3 11. Bb5 Nxd4 12. Bxd4 a6 13. Bxd7+ Bxd7 14. Rb3 Qe7
15. Rxb7 Rc8 16. g3 Rc4 17. Ke2 Qd8 18. Rhb1 Be7 19. Rb8 Bc8 20. Nd1 O-O 21. Ne3
Ra4 22. c3 Qc7 23. Kf3 Bd7 24. R8b7 Qd8 25. R1b6 Bb5 26. h4 h5 27. Ra7 Re8 28.
Rbb7 Bf8 29. Bb6 Qc8 30. Rc7 Qb8 31. Bd4 Qd8 32. Qc2 Re7 33. Rxe7 Bxe7 34. f5
Bc6 35. fxe6 fxe6 36. Qg6 Qf8+ 37. Nf5 Qxf5+ 38. Qxf5 exf5 39. Rxe7 Kf8 40. Rc7
Bb5 41. e6 Rxa2 42. Bxg7+ Kg8 43. Kf4 Re2 44. Be5 Kf8 45. Kxf5 Rf2+ 46. Bf4 Ke8
47. Kf6 Kd8 48. e7+ 1-0

[Event "Astana WGP 2022"]
[Site "Astana KAZ"]
[Date "2022.09.29"]
[Round "11.5"]
[White "Kosteniuk, Alexandra"]
[Black "Lagno, Kateryna"]
[Result "1/2-1/2"]
[WhiteTitle "GM"]
[BlackTitle "GM"]
[WhiteElo "2521"]
[BlackElo "2547"]
[WhiteFideId "4128125"]
[BlackFideId "14109336"]
[EventDate "2022.09.18"]

1. e4 e5 2. Nf3 Nc6 3. Nc3 Nf6 4. d4 exd4 5. Nxd4 Bb4 6. Nxc6 bxc6 7. Bd3 d5 8.
exd5 cxd5 9. O-O O-O 10. Bg5 Be6 11. Qf3 Be7 12. Rfe1 h6 13. Bxh6 gxh6 14. Rxe6
fxe6 15. Qg3+ Kh8 16. Qg6 Qe8 17. Qxh6+ Kg8 18. Qg5+ Kh8 19. Qh6+ Kg8 20. Qg5+
Kh8 21. Qh6+ 1/2-1/2

[Event "Astana WGP 2022"]
[Site "Astana KAZ"]
[Date "2022.09.29"]
[Round "11.6"]
[White "Vaishali, R"]
[Black "Goryachkina, Aleksandra"]
[Result "1/2-1/2"]
[WhiteTitle "IM"]
[BlackTitle "GM"]
[WhiteElo "2449"]
[BlackElo "2579"]
[WhiteFideId "5091756"]
[BlackFideId "4147103"]
[EventDate "2022.09.18"]

1. e4 e5 2. Nf3 Nc6 3. Bb5 Nf6 4. O-O Nxe4 5. Re1 Nd6 6. a4 Be7 7. Nc3 a6 8. Bf1
e4 9. Nxe4 Nxe4 10. Rxe4 d5 11. Re1 Bg4 12. h3 Bh5 13. Be2 O-O 14. d4 Bd6 15.
Ne5 Bxe2 16. Rxe2 Ne7 17. Bf4 Nf5 18. Qd3 Qc8 19. g4 Ne7 20. Rae1 f6 21. Nf3 Ng6
22. Bxd6 cxd6 23. Qb3 Nf4 24. Re4 Nxh3+ 25. Kg2 Ng5 26. Nxg5 fxg5 27. Qxd5+ Kh8
28. c3 Qc6 29. Qxg5 h6 30. Qe3 Rf6 31. f4 Raf8 32. Kg3 Qxa4 33. f5 Qb3 34. Re2
Qd1 35. Re1 Qb3 36. Re6 Kh7 37. Re2 b5 38. Rf2 b4 39. cxb4 Qxe3+ 40. Rxe3 Rb8
41. Rc2 Kg8 42. b5 axb5 43. Re6 Rf7 44. Rxd6 h5 45. Rc5 hxg4 46. Kxg4 b4 47.
Rdc6 Kh7 48. Rc7 Rff8 49. Rd5 Rb6 50. Rdd7 Rg8 51. Rb7 Rxb7 52. Rxb7 Rf8 53.
Rxb4 g6 54. fxg6+ Kxg6 55. Rb6+ Kg7 56. d5 Rf1 57. b4 Kf7 58. Rb7+ Kf6 59. d6
Ke6 60. d7 Rd1 61. Kf4 Rxd7 62. Rb6+ Kd5 63. b5 Kc5 64. Rb8 Rd6 65. Ke5 Rb6 66.
Rxb6 Kxb6 1/2-1/2